| 000 | 00517nam a2200193 i 4500 | ||
|---|---|---|---|
| 001 | 20342 | ||
| 003 | ES-MaACL | ||
| 005 | 20230906152300.0 | ||
| 007 | t| | ||
| 008 | 021111s1964 sp ||||1| baq d | ||
| 100 | 1 |
_aAguirre, Txomin. _918847 |
|
| 245 | 1 | 0 |
_aOndarrak / _cTxomin Aguirre. |
| 260 |
_a[S.l. : _bs.n., _c1964] ( _eBilbao : _fGráfs. Bilbao) |
||
| 300 |
_a261 p. : _bretr. aut. ; _c17 cm. |
||
| 740 | 0 | _aBilduma. | |
| 740 | 0 | _aSarrera. | |
| 740 | 0 | _aOarkizunak. | |
| 852 |
_aES-MaACL _jC-27058 _bR.55527 |
||
| 999 |
_c20342 _d20342 |
||